<?xml version="1.0" encoding="UTF-8"?><?xml-stylesheet type="text/xsl" href="static/style.xsl"?><OAI-PMH xmlns="http://www.openarchives.org/OAI/2.0/" xmlns:xsi="http://www.w3.org/2001/XMLSchema-instance" xsi:schemaLocation="http://www.openarchives.org/OAI/2.0/ http://www.openarchives.org/OAI/2.0/OAI-PMH.xsd"><responseDate>2026-04-28T15:17:50Z</responseDate><request verb="GetRecord" identifier="oai:repisalud.isciii.es:20.500.12105/15954" metadataPrefix="marc">https://repisalud.isciii.es/rest/oai/request</request><GetRecord><record><header><identifier>oai:repisalud.isciii.es:20.500.12105/15954</identifier><datestamp>2025-06-13T09:12:37Z</datestamp><setSpec>com_20.500.12105_15939</setSpec><setSpec>com_20.500.12105_5568</setSpec><setSpec>com_20.500.12105_2404</setSpec><setSpec>com_20.500.12105_2403</setSpec><setSpec>com_20.500.12105_2052</setSpec><setSpec>com_20.500.12105_2051</setSpec><setSpec>col_20.500.12105_15940</setSpec><setSpec>col_20.500.12105_19608</setSpec><setSpec>col_20.500.12105_19613</setSpec></header><metadata><record xmlns="http://www.loc.gov/MARC21/slim" xmlns:dcterms="http://purl.org/dc/terms/" xmlns:doc="http://www.lyncode.com/xoai" xmlns:xsi="http://www.w3.org/2001/XMLSchema-instance" xsi:schemaLocation="http://www.loc.gov/MARC21/slim http://www.loc.gov/standards/marcxml/schema/MARC21slim.xsd">
   <leader>00925njm 22002777a 4500</leader>
   <datafield ind2=" " ind1=" " tag="042">
      <subfield code="a">dc</subfield>
   </datafield>
   <datafield ind2=" " ind1=" " tag="720">
      <subfield code="a">Cifo, Daniel</subfield>
      <subfield code="e">author</subfield>
   </datafield>
   <datafield ind2=" " ind1=" " tag="720">
      <subfield code="a">Estevez-Reboredo, Rosa Maria</subfield>
      <subfield code="e">author</subfield>
   </datafield>
   <datafield ind2=" " ind1=" " tag="720">
      <subfield code="a">Gomez-Barroso, Diana</subfield>
      <subfield code="e">author</subfield>
   </datafield>
   <datafield ind2=" " ind1=" " tag="260">
      <subfield code="c">2023</subfield>
   </datafield>
   <datafield ind2=" " ind1=" " tag="520">
      <subfield code="a">Introducción: La fiebre Q es una antropozoonosis causada por Coxiella burnetii. una bacteria extremadamente resistente a condiciones medioambientales adversas. Se transmite por vía aérea de animales a personas y, en España, país que más casos anuales notifica a Europa, los reservorios principales son los rumiantes domésticos. Método: Análisis epidemiológico descriptivo de los casos de fiebre Q notificados a la Red Nacional de Vigilancia Epidemiológica (RENAVE) entre 2016 y 2020 en 45 provincias. Se analizaron variables temporales y espaciales. Análisis espacial en las zonas de mayor incidencia y cálculo del riesgo relativo suavizado (RRs) por municipio. Resultados: 1749 casos totales, de los cuales1249 son hombres (71,2%). La mayoría se producen entre los 35 y los 55 años. La incidencia aumenta de marzo a junio. La distribución espacial es heterogénea y se concentra en las Islas Canarias, el País Vasco, La Rioja, Navarra y Andalucía Occidental. Las zonas más afectadas tienen patrones espaciales con distintos niveles de RRs. En Canarias el RRs parece superior en las islas orientales. En las provincias del norte peninsular es superior las provincias occidentales. En Andalucía y Badajoz es mayor en el sureste de Badajoz y norte de Sevilla. Conclusiones: La situación epidemiológica de la fiebre Q parece mantenerse estable. La infección es más frecuente en varones en edades medias. El aumento de casos en primavera puede relacionarse con el ciclo reproductivo del ganado. Factores ambientales pueden condicionar la distribución espacial. Dado el carácter zoonótico y geográfico-estacional, serán necesarios futuros estudios orientados desde una perspectiva Una Salud.</subfield>
   </datafield>
   <datafield ind1="8" ind2=" " tag="024">
      <subfield code="a">Cifo D, Estévez-Reboredo RM, Gomez-Barroso D. Fiebre Q humana en España (2016-2020). Boletín Epidemiológico Semanal. 2023;31(1):56-64.</subfield>
   </datafield>
   <datafield ind1="8" ind2=" " tag="024">
      <subfield code="a">ISSN-L 2173-9277</subfield>
   </datafield>
   <datafield ind1="8" ind2=" " tag="024">
      <subfield code="a">http://hdl.handle.net/20.500.12105/15954</subfield>
   </datafield>
   <datafield ind1="8" ind2=" " tag="024">
      <subfield code="a">2173-9277</subfield>
   </datafield>
   <datafield ind1="8" ind2=" " tag="024">
      <subfield code="a">Boletín Epidemiológico Semanal</subfield>
   </datafield>
   <datafield tag="653" ind2=" " ind1=" ">
      <subfield code="a">Fiebre Q</subfield>
   </datafield>
   <datafield tag="653" ind2=" " ind1=" ">
      <subfield code="a">Zoonosis Bacterianas</subfield>
   </datafield>
   <datafield tag="653" ind2=" " ind1=" ">
      <subfield code="a">España</subfield>
   </datafield>
   <datafield tag="653" ind2=" " ind1=" ">
      <subfield code="a">Análisis Espacial</subfield>
   </datafield>
   <datafield tag="653" ind2=" " ind1=" ">
      <subfield code="a">Una Salud</subfield>
   </datafield>
   <datafield ind2="0" ind1="0" tag="245">
      <subfield code="a">Fiebre Q humana en España (2016-2020)</subfield>
   </datafield>
</record></metadata></record></GetRecord></OAI-PMH>